=LDR 00000nam 2200000 4500 =001 INLIS000000000033525 =005 20130612135456 =008 ***********************************ind** =035 ##$$0010-061300000033525 =041 ##$$a ind =082 ##$$a 551.21 =090 ##$$a 551.21, Sum v =100 ##$$a Sumintadireja A, Prihadi =245 ##$$a Vulkanologi dan geoternal, Prihadi sumintasireja a =260 ##$$a 2005 $b Bandung =300 ##$$a xii,166 hlm, Ilus, 29 cm =650 ##$$a Vulkanologi =850 ##$$a NBPNMAT =990 ##$$a 0001/BPAP-NTB/20142014 =990 ##$$a 2090101208/BPAP-NTB/2015